Netherlands national football team managers - Statistics

General Stats
  • This quiz has been taken 63 times
    38 since last reset
  • The average score is 16 of 57
Answer Stats
Period Manager Nationality % Correct
2021 - Louis van Gaal Dutch
100%
2012 - 2014 Louis van Gaal Dutch
100%
2000 - 2001 Louis van Gaal Dutch
100%
2018 - 2020 Ronald Koeman Dutch
97%
2020 - 2021 Frank de Boer Dutch
76%
2014 - 2015 Guus Hiddink Dutch
74%
1995 - 1998 Guus Hiddink Dutch
74%
2015 - 2017 Danny Blind Dutch
71%
2017 Dick Advocaat Dutch
71%
2002 - 2004 Dick Advocaat Dutch
71%
1992 - 1994 Dick Advocaat Dutch
71%
2004 - 2008 Marco van Basten Dutch
71%
1990 - 1992 Rinus Michels Dutch
65%
1986 - 1988 Rinus Michels Dutch
65%
1984 Rinus Michels Dutch
65%
1974 Rinus Michels Dutch
65%
1998 - 2000 Frank Rijkaard Dutch
62%
2008 - 2012 Bert van Marwijk Dutch
59%
1977 - 1978 Ernst Happel Austrian
38%
1990 Leo Beenhakker Dutch
24%
1985 - 1986 Leo Beenhakker Dutch
24%
2017 Fred Grim Dutch
15%
1925 - 1940 Bob Glendenning English
9%
1923 Bob Glendenning English
9%
1988 - 1989 Thijs Libregts Dutch
9%
1970 - 1973 Frantisek Fadrhonc Czech
6%
1976 - 1981 Jan Zwartkruis Dutch
6%
1910 Jimmy Hogan English
6%
1914 Billy Hunter Scottish
3%
1905 - 1908 Cees van Hasselt Dutch
3%
1908 - 1913 Edgar Chadwick English
3%
1957 - 1964 Elek Schwartz Romania
3%
1919 - 1923 Frederick Warburton English
3%
1912 Frederick Warburton English
3%
1974 - 1976 George Knobel Dutch
3%
1949 - 1954 Jaap van der Leck Dutch
3%
1919 Jack Reynolds English
3%
1924 Jan Bollington English
3%
1997 - 1997 Jan Rab Dutch
3%
1947 - 1948 Jesse Carver English
3%
1921 Jim Waites English
3%
1954 Karel Kaufman Dutch
3%
1949 Karel Kaufman Dutch
3%
1946 Karel Kaufman Dutch
3%
1981 - 1984 Kees Rijvers Dutch
3%
1981 Rob Baan Dutch
3%
1913 Tom Bradshaw English
3%
1948 Tom Sneddon Scottish
3%
1924 William Townley English
3%
1964 - 1965 Denis Neville English
0%
1956 Friedrich Donnenfeld Austrian
0%
1955 Friedrich Donnenfeld Austrian
0%
1957 George Hardwick English
0%
1966 - 1970 Georg Keßler German
0%
1955 - 1956 Max Merkel Austrian
0%
1990 Nol de Ruiter Dutch
0%
1956 Wudi Müller Austrian
0%
No matching quizzes found
Score Distribution
Percent of People with Each Score
Percentile by Number Answered
Your Score History
You have not taken this quiz since the last reset